Capitals Without the Letters of “Apia” - Statistics

General Stats
  • This quiz has been taken 15 times
  • The average score is 10 of 15
Answer Stats
Continents Capitals % Correct
Europe London
92%
Europe Rome
85%
Europe Bern
77%
Europe Brussels
77%
Europe Moscow
77%
South America Georgetown
69%
Europe Oslo
69%
South America Sucre
69%
Oceania Ngerulmud
62%
Europe Stockholm
62%
Asia Tokyo
62%
Africa Lomé
54%
Europe Luxembourg
54%
Asia Seoul
54%
Africa Freetown
38%
No matching quizzes found
Score Distribution
Percent of People with Each Score
Percentile by Number Answered
Your Score History
You have not taken this quiz